| 000 | 00426nam a22001337a 4500 | ||
|---|---|---|---|
| 008 | 230620b xxu||||| |||| 00| 0 eng d | ||
| 082 |
_a320.05 _bICPS 1975 |
||
| 110 | _bInstitute of Constitutional and Parliamentary Studies | ||
| 245 | _aJournal of Constitutional and Parliamentary Studies | ||
| 260 |
_aIndia _bInstitute of Constitutional and Parliamentary Studies _c1975 |
||
| 300 | _a498p | ||
| 440 | _v9 | ||
| 942 |
_2ddc _cBK |
||
| 999 |
_c1555 _d1555 |
||